| Tag |
First Indicator |
Second Indicator |
Subfields |
| LEADER |
00000cam a2200000Mi 4500 |
| 001 |
in00003579331 |
| 006 |
m o d |
| 007 |
cr mnu---uuaaa |
| 008 |
130109s2003 gw o 000 0 eng |
| 005 |
20260423142507.6 |
| 020 |
|
|
|a 9783662052891 (electronic bk.)
|
| 020 |
|
|
|a 366205289X (electronic bk.)
|
| 020 |
|
|
|z 9783642078712
|
| 020 |
|
|
|z 3642078710
|
| 020 |
|
|
|z 366205289X
|
| 035 |
|
|
|a (OCoLC)851380432
|
| 040 |
|
|
|a AU@
|b eng
|c AU@
|d GW5XE
|d OCLCF
|d UtOrBLW
|
| 049 |
|
|
|a TXAM
|
| 050 |
|
4 |
|a R895-920
|
| 072 |
|
7 |
|a MMN
|2 bicssc
|
| 072 |
|
7 |
|a MED080000
|2 bisacsh
|
| 082 |
0 |
4 |
|a 616.07548
|2 23
|
| 100 |
1 |
|
|a Signore, A.
|q (Alberto),
|d 1959-
|
| 245 |
1 |
0 |
|a Nuclear Medicine in the Management of Inflammatory and Infectious Diseases /
|c edited by Alberto Signore, Mauro Liberatore, Francesco Scopinaro.
|
| 264 |
|
1 |
|a Berlin, Heidelberg :
|b Springer Berlin Heidelberg,
|c 2003.
|
| 300 |
|
|
|a 1 online resource (xiii, 192 pages)
|
| 336 |
|
|
|a text
|b txt
|2 rdacontent
|
| 337 |
|
|
|a computer
|b c
|2 rdamedia
|
| 338 |
|
|
|a online resource
|b cr
|2 rdacarrier
|
| 520 |
|
|
|a This book contains the original manuscripts, with summaries and diagnostic flow-charts, of speakers of the EANM 2001 post-congress meeting held in Capri, Italy, which examined management issues of patients with inflammatory bowel diseases, orthopaedic infections, vascular prosthesis infection, FUO and endocarditis, rheumatoid arthritis, and neurological infections. Nuclear medicine doctors attended together with radiologists and clinical specialists from different fields (gastroenterologists, orthopaedics, vascular surgeons, internal medicine doctors, rheumatologists, neurologists). The topics discussed in the book are of great importance for clinicians, nuclear medicine doctors and radiologists. At the end of each chapter, the commonly agreed diagnostic flow-charts for the management of patients with inflammation/infection are published.
|
| 500 |
|
|
|a Electronic resource.
|
| 650 |
|
0 |
|a Medicine.
|
| 650 |
|
0 |
|a Nuclear medicine.
|
| 650 |
|
0 |
|a Internal medicine.
|
| 650 |
|
0 |
|a Gastroenterology.
|
| 650 |
|
0 |
|a Neurology.
|
| 650 |
|
0 |
|a Orthopedics.
|
| 650 |
|
7 |
|a Gastroenterology.
|2 fast
|0 (OCoLC)fst00938842
|
| 650 |
|
7 |
|a Internal medicine.
|2 fast
|0 (OCoLC)fst00976610
|
| 650 |
|
7 |
|a Medicine.
|2 fast
|0 (OCoLC)fst01014893
|
| 650 |
|
7 |
|a Neurology.
|2 fast
|0 (OCoLC)fst01036390
|
| 650 |
|
7 |
|a Nuclear medicine.
|2 fast
|0 (OCoLC)fst01040348
|
| 650 |
|
7 |
|a Orthopedics.
|2 fast
|0 (OCoLC)fst01048565
|
| 655 |
|
7 |
|a Electronic books.
|2 local
|
| 700 |
1 |
|
|a Liberatore, Mauro.
|
| 700 |
1 |
|
|a Scopinaro, Francesco.
|
| 710 |
2 |
|
|a SpringerLink (Online service)
|
| 776 |
1 |
8 |
|i Print version:
|z 9783642078712
|
| 856 |
4 |
0 |
|u http://proxy.library.tamu.edu/login?url=https://link.springer.com/10.1007/978-3-662-05289-1
|z Connect to the full text of this electronic book
|t 0
|
| 994 |
|
|
|a 92
|b TXA
|
| 999 |
|
|
|a MARS
|
| 999 |
f |
f |
|s 3b80c1f8-dc61-3149-9f16-0b0faa4da9e0
|i fec6d2fc-0fdb-39af-839a-0f33b2744c2e
|t 0
|
| 952 |
f |
f |
|a Texas A&M University
|b College Station
|c Electronic Resources
|s www_evans
|d Available Online
|t 0
|e R895-920
|h Library of Congress classification
|
| 998 |
f |
f |
|a R895-920
|t 0
|l Available Online
|